Das deutsche Reich und die Bankfrage /

Bibliographic Details
Main Author: Geffcken, F. Heinrich (Friedrich Heinrich), 1830-1896
Corporate Author: Gale (Firm)
Format: eBook
Language:German
Published: Hamburg : G.E. Nolte, 1874.
Edition:2. umgearb. und fortgeführte Ausg.
Series:Making of the modern world. Part 2 (1851-1914)
Subjects:
Online Access:Connect to the full text of this electronic book

MARC

Tag First Indicator Second Indicator Subfields
LEADER 00000cam a2200000 a 4500
001 in00003856621
005 20190415182347.0
006 m o d
007 cr |n||||||||n
008 811230s1874 gw o 000 0 ger d
035 |a (MiFhGG)MOMW202487 
035 |a (OCoLC)778048501 
040 |a TGPSM  |c UtOrBLW  |d UtOrBLW 
043 |a e-gx--- 
050 4 |a HG1004  |b .G444 1874 
100 1 |a Geffcken, F. Heinrich  |q (Friedrich Heinrich),  |d 1830-1896.  |0 http://id.loc.gov/authorities/names/n85248041 
245 1 4 |a Das deutsche Reich und die Bankfrage /  |c von F. Heinrich Geffcken. 
250 |a 2. umgearb. und fortgeführte Ausg. 
264 1 |a Hamburg :  |b G.E. Nolte,  |c 1874. 
300 |a 1 online resource (vii, 111 pages). 
336 |a text  |b txt  |2 rdacontent 
337 |a computer  |b c  |2 rdamedia 
338 |a online resource  |b cr  |2 rdacarrier 
490 1 |a The making of the modern world. Part 2 (1851-1914) 
500 |a Reproduction of the original from the University of Kansas. 
500 |a Electronic resource. 
650 0 |a Currency question  |z Germany.  |0 http://id.loc.gov/authorities/subjects/sh2008101986 
650 0 |a Bank notes  |z Germany. 
650 0 |a Paper money  |z Germany. 
655 7 |a Electronic books.  |2 local 
710 2 |a Gale (Firm)  |0 http://id.loc.gov/authorities/names/no2008071348 
830 0 |a Making of the modern world. Part 2 (1851-1914) 
856 |u http://proxy.library.tamu.edu/login?url=http://find.galegroup.com/openurl/openurl?url_ver=Z39.88-2004&url_ctx_fmt=info:ofi/fmt:kev:mtx:ctx&res_id=info:sid/gale:MOME&ctx_enc=info:ofi:enc:UTF-8&rft_val_fmt=info:ofi/fmt:kev:mtx:unknown&rft.artnum=U112531364&req_dat=info:sid/gale:ugnid:txshracd2898  |z Connect to the full text of this electronic book 
999 f f |s db7bc898-5c28-357a-ae34-a68be66cee6d  |i b75788e0-55e5-394e-b3ff-9ecd53a6703d  |t 0 
952 f f |a Texas A&M University  |b College Station  |c Electronic Resources  |d Available Online  |t 0  |e HG1004 .G444 1874  |h Library of Congress classification 
998 f f |a HG1004 .G444 1874  |t 0  |l Available Online